25 Nomes mais populares do Brasil começando com P - Statistics

Estatísticas Gerais
  • Esse quiz foi jogado 679 vezes
  • A pontuação média é 11 de 25
Estatísticas das Respostas
# NOMES FREQUÊNCIA % Correto
1 Paulo 1.423.262
98%
2 Pedro 1.219.605
98%
5 Paula 222.577
92%
3 Patrícia 531.065
76%
12 Pietro 22.409
65%
17 Pietra 14.200
59%
6 Pamela 138.594
58%
4 Priscila 223.128
54%
10 Paola 50.564
46%
9 Paloma 79.397
45%
18 Patrício 11.974
45%
7 Pablo 133.420
39%
11 Patrick 49.456
39%
13 Paulina 21.121
39%
8 Poliana 84.552
37%
16 Plínio 16.069
34%
15 Paulino 16.580
30%
23 Péricles 5.991
23%
14 Peterson 18.932
18%
22 Pierre 6.179
16%
20 Palmira 11.469
14%
19 Pedrina 11.806
13%
25 Pascoal 5.246
12%
21 Penha 7.327
10%
24 Petrônio 5.455
10%
Nenhum quiz correspondente encontrado
Distribuição das Pontuações
Porcentagem de Pessoas com Cada Pontuação
Percentil de Números Respondidos
Sua Pontuação Histórica
Você não jogou esse quiz